[Event "Mid Bohemia Region-chT 2223"]
[Site "Czech Republic"]
[Date "2022.11.27"]
[Round "4.5"]
[White "Cermak, Jan2222"]
[Black "Valtr, Tomas"]
[Result "1-0"]
[WhiteElo "2006"]
[BlackElo "1893"]
[PlyCount "73"]
[EventDate "2022.10.09"]
[EventType "team-tourn"]
[EventRounds "11"]
[EventCountry "CZE"]
[SourceTitle "EXT 2024"]
[Source "ChessBase"]
[SourceDate "2023.10.10"]
[SourceVersion "1"]
[SourceVersionDate "2023.10.10"]
[SourceQuality "1"]
[WhiteTeam "Cesky Brod"]
[BlackTeam "Lysa nad Labem Joly IV"]
[WhiteTeamCountry "CZE"]
[BlackTeamCountry "CZE"]

1. d4 d5 2. c4 c6 3. Nf3 Nf6 4. Nc3 dxc4 5. a4 Bf5 6. Ne5 e6 7. f3 h6 8. e4 Bh7 9. Be3 Bb4 10. Bxc4 Nbd7 11. Qb3 a5 12. Nxd7 Qxd7 13. 0-0 0-0 14. Na2 Be7 15. Nc1 Qc7 16. Nd3 Nd7 17. Rad1 Nb6 18. Bf4 Qd8 19. Ne5 Nxc4 20. Nxc4 Bb4 21. Rd3 Qe7 22. Rfd1 Rfe8 23. Bd2 Bxd2 24. R3xd2 Qc7 25. e5 Re7 26. Nd6 Bg6 27. Rc1 Qd7 28. f4 Ra6 29. Rf2 Qc7 30. g4 Rb6 31. Qg3 Rd7 32. f5 Bh7 33. g5 Bxf5 34. gxh6 g6 35. h7+ Kh8 36. Qg5 Qd8 37. Nxf7+ 1-0

[Event "Pardubice Czech op-E 33rd"]
[Site "Pardubice"]
[Date "2022.07.14"]
[Round "1.2"]
[White "Valtr, Tomas"]
[Black "Nemec, Jachym"]
[Result "0-1"]
[WhiteElo "1883"]
[BlackElo "2357"]
[PlyCount "66"]
[EventDate "2022.07.14"]
[EventType "team-swiss"]
[EventRounds "7"]
[EventCountry "CZE"]
[SourceTitle "CBM 209 Extra"]
[Source "ChessBase"]
[SourceDate "2022.09.30"]
[SourceVersion "1"]
[SourceVersionDate "2022.09.30"]
[SourceQuality "1"]
[WhiteTeam "Lysa nad Labem Joly"]
[BlackTeam "Brno Moravska Slavia"]
[WhiteTeamCountry "CZE"]
[BlackTeamCountry "CZE"]

1. d4 Nf6 2. Nf3 g6 3. e3 Bg7 4. Be2 0-0 5. 0-0 d6 6. b3 Nbd7 7. Bb2 Re8 8. c4 e5 9. Nc3 c6 10. dxe5 dxe5 11. e4 Qc7 12. Qc2 Nc5 13. Rad1 Bg4 14. h3 Bxf3 15. Bxf3 Ne6 16. Ne2 Bf8 17. Qc3 Ng5 18. Qe3 Ne6 19. Qc3 Nc5 20. Qc2 a5 21. Ba3 h5 22. Bxc5 Bxc5 23. Nc3 Nh7 24. Na4 Bd4 25. c5 Ng5 26. Be2 Qe7 27. Bc4 Kg7 28. Kh1 Rad8 29. Qc1 Nxe4 30. f4 Ng3+ 31. Kh2 Nxf1+ 32. Rxf1 exf4 33. Kh1 Be3 0-1

[Event "CZE-chT 2122"]
[Site "Czech Republic"]
[Date "2022.02.26"]
[Round "11.1"]
[White "Valtr, Tomas"]
[Black "Stinka, Jakub"]
[Result "0-1"]
[WhiteElo "1923"]
[BlackElo "2285"]
[PlyCount "62"]
[EventDate "2021.10.15"]
[EventType "team-tourn"]
[EventRounds "15"]
[EventCountry "CZE"]
[SourceTitle "EXT 2023"]
[Source "ChessBase"]
[SourceDate "2022.10.05"]
[SourceVersion "1"]
[SourceVersionDate "2022.10.05"]
[SourceQuality "1"]
[WhiteTeam "Lysa nad Labem"]
[BlackTeam "Brno Duras"]
[WhiteTeamCountry "CSR"]
[BlackTeamCountry "CZE"]

1. d4 Nf6 2. Nf3 e6 3. e3 d5 4. Bd3 Be7 5. Nbd2 c5 6. c3 0-0 7. 0-0 b6 8. Qe2 Bb7 9. dxc5 bxc5 10. e4 Nc6 11. Re1 Qb6 12. e5 Nd7 13. Nf1 a5 14. Ng3 Ba6 15. Bxa6 Qxa6 16. Qxa6 Rxa6 17. Bf4 Rb8 18. b3 a4 19. bxa4 Rxa4 20. Bc1 Bd8 21. Kf1 Bc7 22. Bd2 Ndxe5 23. Nxe5 Bxe5 24. Rab1 Rxa2 25. f4 Rxd2 26. fxe5 Rxb1 27. Rxb1 g6 28. c4 Nxe5 29. cxd5 exd5 30. Ne2 d4 31. Rb5 Nd3 0-1

[Event "CZE-chT2C 1819"]
[Site "Czech Republic"]
[Date "2019.03.31"]
[Round "11.7"]
[White "Valtr, Tomas"]
[Black "Crha, Josef"]
[Result "0-1"]
[WhiteElo "1948"]
[BlackElo "2006"]
[PlyCount "100"]
[EventDate "2018.10.14"]
[EventType "team-tourn"]
[EventRounds "11"]
[EventCountry "CZE"]
[SourceTitle "EXT 2022"]
[Source "ChessBase"]
[SourceDate "2021.10.06"]
[SourceVersion "1"]
[SourceVersionDate "2021.10.06"]
[SourceQuality "1"]
[WhiteTeam "Lysa nad Labem IV"]
[BlackTeam "Mlada Boleslav"]
[WhiteTeamCountry "CZE"]
[BlackTeamCountry "CZE"]

1. d4 d5 2. Nf3 Nf6 3. e3 Bg4 4. b3 e6 5. Bd3 Bd6 6. Nbd2 0-0 7. 0-0 Nbd7 8. Bb2 c5 9. c4 Re8 10. h3 Bh5 11. Qe1 Qc7 12. Rc1 e5 13. dxe5 Nxe5 14. Nxe5 Bxe5 15. Bxe5 Qxe5 16. cxd5 Qxd5 17. Be2 Rad8 18. Rd1 Bxe2 19. Qxe2 Qd3 20. Qxd3 Rxd3 21. Nf3 Red8 22. Rxd3 Rxd3 23. Rc1 b6 24. Kf1 Ne4 25. Rc2 Kf8 26. Ke2 Rc3 27. Rb2 f5 28. Nd2 Nd6 29. g4 g6 30. f3 Ke7 31. e4 f4 32. Nb1 Re3+ 33. Kf2 Nb5 34. Re2 Nc3 35. Nxc3 Rxc3 36. Rd2 c4 37. bxc4 Rxc4 38. Ke2 b5 39. h4 b4 40. Rd3 a5 41. Kd2 a4 42. Kd1 Ke6 43. Kd2 Rc6 44. Kd1 b3 45. axb3 a3 46. Rd2 Rc3 47. Rf2 Rxb3 48. Kc1 Ke5 49. Rf1 a2 50. Kc2 Rxf3 0-1

[Event "CZE-chT2C 1617"]
[Site "Czech Republic"]
[Date "2016.10.30"]
[Round "2.7"]
[White "Lazanek, Jan"]
[Black "Valtr, Tomas"]
[Result "1-0"]
[WhiteElo "1966"]
[BlackElo "1939"]
[PlyCount "57"]
[EventDate "2016.10.09"]
[EventType "team-tourn"]
[EventRounds "11"]
[EventCountry "CZE"]
[SourceTitle "EXT 2022"]
[Source "ChessBase"]
[SourceDate "2021.10.06"]
[SourceVersion "1"]
[SourceVersionDate "2021.10.06"]
[SourceQuality "1"]
[WhiteTeam "Lysa nad Labem III"]
[BlackTeam "Lysa nad Labem IV"]
[WhiteTeamCountry "CZE"]
[BlackTeamCountry "CZE"]

1. d4 d5 2. c4 c6 3. Nc3 Nf6 4. Nf3 g6 5. Bf4 Bg7 6. e3 0-0 7. Rc1 a6 8. Bd3 Bf5 9. Bxf5 gxf5 10. Qb3 b5 11. cxd5 cxd5 12. 0-0 e6 13. Ne5 Nh5 14. a4 Nxf4 15. exf4 Bxe5 16. fxe5 bxa4 17. Nxa4 Nd7 18. Qb7 Qe8 19. Rc3 Nxe5 20. dxe5 Qxa4 21. Rg3+ Qg4 22. Rxg4+ fxg4 23. f4 h5 24. f5 Rae8 25. Qxa6 d4 26. Qd3 Rd8 27. fxe6 fxe6 28. Qg6+ Kh8 29. Rxf8+ 1-0

[Event "Rakovnik Regional-chT 1415"]
[Site "Rakovnik"]
[Date "2015.04.12"]
[Round "11.5"]
[White "Plasek, Zdenek"]
[Black "Valtr, Tomas"]
[Result "1-0"]
[WhiteElo "2016"]
[BlackElo "1980"]
[PlyCount "85"]
[EventDate "2014.10.19"]
[EventType "team-tourn"]
[EventRounds "11"]
[EventCountry "CZE"]
[SourceTitle "EXT 2016"]
[Source "ChessBase"]
[SourceDate "2015.10.08"]
[SourceVersion "1"]
[SourceVersionDate "2015.10.08"]
[SourceQuality "1"]
[WhiteTeam "Kostelec nad CL"]
[BlackTeam "Lysa nad Labem IV"]
[WhiteTeamCountry "CZE"]
[BlackTeamCountry "CZE"]

1. d4 d5 2. c4 c6 3. Nc3 e6 4. cxd5 exd5 5. Qc2 Nf6 6. Bg5 Be7 7. e3 Ne4 8. Bxe7 Qxe7 9. Nxd5 cxd5 10. Qxc8+ Qd8 11. Qxd8+ Kxd8 12. Nf3 f6 13. Rc1 Nd7 14. Bd3 Nd6 15. Kd2 g6 16. Rc2 Rc8 17. Rhc1 Rxc2+ 18. Rxc2 Re8 19. Ng1 Ne4+ 20. Ke1 f5 21. Ne2 g5 22. Ng3 Nxg3 23. hxg3 f4 24. gxf4 gxf4 25. Re2 fxe3 26. Rxe3 Rxe3+ 27. fxe3 Nf6 28. Kf2 Ke7 29. Kf3 Ke6 30. Kf4 h6 31. Bf5+ Kd6 32. Bg4 b5 33. Kf5 Ne4 34. Kg6 Nf2 35. Be2 h5 36. Kxh5 b4 37. g4 Ne4 38. Kh6 Ng3 39. Bd3 Ke6 40. g5 Kf7 41. g6+ Kg8 42. g7 a5 43. Bh7+ 1-0

[Event "Rakovnik Regional-chT 1415"]
[Site "Rakovnik"]
[Date "2015.01.18"]
[Round "6.6"]
[White "Valtr, Tomas"]
[Black "Strejc, Josef"]
[Result "0-1"]
[WhiteElo "1980"]
[BlackElo "2157"]
[PlyCount "64"]
[EventDate "2014.10.19"]
[EventType "team-tourn"]
[EventRounds "11"]
[EventCountry "CZE"]
[SourceTitle "EXT 2016"]
[Source "ChessBase"]
[SourceDate "2015.10.08"]
[SourceVersion "1"]
[SourceVersionDate "2015.10.08"]
[SourceQuality "1"]
[WhiteTeam "Lysa nad Labem IV"]
[BlackTeam "Pribram Pyrit"]
[WhiteTeamCountry "CZE"]
[BlackTeamCountry "CZE"]

1. Nf3 f5 2. e4 fxe4 3. Ng5 Nf6 4. d3 e3 5. Bxe3 d5 6. d4 Bf5 7. Bd3 Qd7 8. Qe2 Nc6 9. c3 Bxd3 10. Qxd3 e5 11. 0-0 0-0-0 12. dxe5 Nxe5 13. Qd4 Nc6 14. Qa4 a6 15. Nd2 Bd6 16. Nb3 Ne5 17. Qxd7+ Rxd7 18. Bc5 Bxc5 19. Nxc5 Re7 20. Rfe1 Rhe8 21. Kf1 b6 22. Na4 Nc4 23. Rxe7 Rxe7 24. Nf3 Ne4 25. b4 Ned2+ 26. Nxd2 Nxd2+ 27. Kg1 Re2 28. f3 Nc4 29. g3 Kd7 30. h4 Kc6 31. Kf1 Rc2 32. Rd1 Ne3+ 0-1

[Event "Rakovnik Regional-chT 1415"]
[Site "Rakovnik"]
[Date "2014.10.19"]
[Round "1.6"]
[White "Framberk, Jan"]
[Black "Valtr, Tomas"]
[Result "1/2-1/2"]
[WhiteElo "2027"]
[BlackElo "1980"]
[PlyCount "69"]
[EventDate "2014.10.19"]
[EventType "team-tourn"]
[EventRounds "11"]
[EventCountry "CZE"]
[SourceTitle "EXT 2016"]
[Source "ChessBase"]
[SourceDate "2015.10.08"]
[SourceVersion "1"]
[SourceVersionDate "2015.10.08"]
[SourceQuality "1"]
[WhiteTeam "Uholicky"]
[BlackTeam "Lysa nad Labem IV"]
[WhiteTeamCountry "CZE"]
[BlackTeamCountry "CZE"]

1. e4 c6 2. d4 d5 3. Nc3 dxe4 4. Nxe4 Bf5 5. Ng3 Bg6 6. Nf3 Nd7 7. h4 h6 8. h5 Bh7 9. Bd3 Bxd3 10. Qxd3 Ngf6 11. Bd2 e6 12. 0-0-0 Qc7 13. Kb1 0-0-0 14. Ne4 Nc5 15. Nxc5 Bxc5 16. Rh4 Bd6 17. Qe2 Qe7 18. c4 Rhe8 19. Bc3 Bb4 20. Bxb4 Qxb4 21. Ne5 Qe7 22. Rh3 Nd7 23. Rg3 Nxe5 24. dxe5 Rxd1+ 25. Qxd1 Rd8 26. Qe2 Qf8 27. Rd3 Rxd3 28. Qxd3 c5 29. Kc2 Qd8 30. Qxd8+ Kxd8 31. Kd3 Kd7 32. Ke4 Ke7 33. f4 Kd7 34. f5 Ke7 35. Kf4 1/2-1/2

[Event "Cesky Krumlov op 3rd"]
[Site "Cesky Krumlov"]
[Date "2009.11.16"]
[Round "3"]
[White "Valtr, Tomas"]
[Black "Bares, Jachym"]
[Result "1-0"]
[WhiteElo "1927"]
[BlackElo "1650"]
[PlyCount "39"]
[EventDate "2009.11.14"]
[EventType "swiss"]
[EventRounds "9"]
[EventCountry "CZE"]
[SourceTitle "EXT 2010"]
[Source "ChessBase"]
[SourceDate "2010.11.25"]
[SourceVersion "1"]
[SourceVersionDate "2010.11.25"]
[SourceQuality "1"]

1. e4 e5 2. Nf3 Nc6 3. d4 exd4 4. Nxd4 Bc5 5. Be3 Qf6 6. c3 Nge7 7. g4 d6 8. f4 Bd7 9. Bg2 0-0-0 10. Qd3 Nxd4 11. cxd4 Bb6 12. Nc3 g6 13. 0-0-0 Qe6 14. Rhe1 f5 15. d5 Bxe3+ 16. Qxe3 Qf6 17. Qxa7 Be8 18. Qa8+ Kd7 19. Qxb7 Bf7 20. e5 1-0

[Event "Czechia KP-chTB 0607"]
[Site "Czech Republic"]
[Date "2007.04.01"]
[Round "11.5"]
[White "Chomicky, Josef"]
[Black "Valtr, Tomas"]
[Result "0-1"]
[WhiteElo "1633"]
[BlackElo "1795"]
[PlyCount "86"]
[EventDate "2006.10.29"]
[EventType "team"]
[EventRounds "11"]
[EventCountry "CZE"]
[SourceTitle "EXT 2008"]
[Source "ChessBase"]
[SourceDate "2007.11.25"]
[SourceVersion "1"]
[SourceVersionDate "2007.11.25"]
[SourceQuality "1"]
[WhiteTeam "Benesov"]
[BlackTeam "Lysa nad Labem"]
[WhiteTeamCountry "CZE"]
[BlackTeamCountry "CZE"]

1. e4 c6 2. d4 d5 3. e5 Bf5 4. Bd3 Bxd3 5. Qxd3 e6 6. Nf3 Nd7 7. 0-0 h6 8. a3 Ne7 9. c3 Ng6 10. Be3 a6 11. Nfd2 c5 12. f4 c4 13. Qc2 Ne7 14. b3 Nf5 15. Bf2 cxb3 16. Qxb3 Qb6 17. Qxb6 Nxb6 18. a4 Rc8 19. g4 Ne7 20. Be3 g6 21. Rc1 h5 22. g5 Nf5 23. Bf2 Kd7 24. Rc2 Nc4 25. Nxc4 Rxc4 26. Nd2 Rc7 27. c4 Bb4 28. c5 b6 29. Nb3 bxc5 30. Nxc5+ Bxc5 31. dxc5 Rb8 32. Be1 Nd4 33. c6+ Rxc6 34. Rxc6 Nxc6 35. Bf2 Rb4 36. Bc5 Rc4 37. Bd6 a5 38. Rb1 Nb4 39. Bxb4 Rxb4 40. Rxb4 axb4 41. Kf2 Kc6 42. Ke3 Kb6 43. Kd4 Ka5 0-1

[Event "Czechia KP-chTB 0607"]
[Site "Czech Republic"]
[Date "2007.03.04"]
[Round "9.7"]
[White "Prochazka, Jaroslav"]
[Black "Valtr, Tomas"]
[Result "0-1"]
[WhiteElo "1962"]
[BlackElo "1795"]
[PlyCount "116"]
[EventDate "2006.10.29"]
[EventType "team"]
[EventRounds "11"]
[EventCountry "CZE"]
[SourceTitle "EXT 2008"]
[Source "ChessBase"]
[SourceDate "2007.11.25"]
[SourceVersion "1"]
[SourceVersionDate "2007.11.25"]
[SourceQuality "1"]
[WhiteTeam "Brodce"]
[BlackTeam "Lysa nad Labem"]
[WhiteTeamCountry "CZE"]
[BlackTeamCountry "CZE"]

1. e4 c6 2. Nf3 d5 3. Nc3 dxe4 4. Nxe4 Nf6 5. Ng3 Bg4 6. h3 Bxf3 7. Qxf3 e6 8. Qb3 Qc7 9. d4 Bd6 10. Be2 Nbd7 11. Nh5 Nxh5 12. Bxh5 Qa5+ 13. Bd2 Qxh5 14. Qxb7 Ke7 15. Qxc6 Rhc8 16. Qe4 Qg6 17. Qh4+ Nf6 18. c3 Qe4+ 19. Qxe4 Nxe4 20. Be3 Nf6 21. 0-0-0 Nd5 22. Rhe1 Nxe3 23. fxe3 Rab8 24. Kc2 Rb7 25. Re2 Rcb8 26. b3 a5 27. c4 a4 28. c5 axb3+ 29. axb3 Bc7 30. Rb1 Ba5 31. Rf2 Ra8 32. Rbf1 f6 33. Ra1 Be1 34. Rxa8 Bxf2 35. Rg8 Kf7 36. Rd8 Bxe3 37. Kb2 Ke7 38. Rd6 Rd7 39. Rxd7+ Kxd7 40. Kc3 e5 41. dxe5 Bxc5 42. exf6 gxf6 43. Kc4 Kc6 44. b4 Bf2 45. b5+ Kd6 46. Kd3 Ke5 47. Ke2 Bb6 48. Kf3 Kf5 49. g4+ Kg5 50. Ke4 Bc7 51. Kd5 Kh4 52. Ke6 Kxh3 53. Kf5 Kh4 54. Kxf6 Kxg4 55. b6 Bb8 56. Ke6 h5 57. Kd5 h4 58. Ke4 Kg3 0-1